<?xml version="1.0" encoding="UTF-8"?>
<record
    xmlns:xsi="http://www.w3.org/2001/XMLSchema-instance"
    xsi:schemaLocation="http://www.loc.gov/MARC21/slim http://www.loc.gov/standards/marcxml/schema/MARC21slim.xsd"
    xmlns="http://www.loc.gov/MARC21/slim">

  <leader>01380nam a2200349 i 4500</leader>
  <controlfield tag="001">195714</controlfield>
  <controlfield tag="003">SpMaBN</controlfield>
  <controlfield tag="005">20241215063024.0</controlfield>
  <controlfield tag="008">240712s2021    sp a   | |||| 000 p spa  </controlfield>
  <datafield tag="017" ind1=" " ind2=" ">
    <subfield code="a">M 34508-2021</subfield>
    <subfield code="b">Oficina Dep&#xF3;sito Legal Madrid</subfield>
  </datafield>
  <datafield tag="020" ind1=" " ind2=" ">
    <subfield code="a">9788415918929</subfield>
  </datafield>
  <datafield tag="035" ind1=" " ind2=" ">
    <subfield code="a">a7025797</subfield>
  </datafield>
  <datafield tag="040" ind1=" " ind2=" ">
    <subfield code="a">SpMaBN</subfield>
    <subfield code="b">spa</subfield>
    <subfield code="c">SpMaBN</subfield>
    <subfield code="e">rda</subfield>
    <subfield code="d">ES-MaACL</subfield>
  </datafield>
  <datafield tag="080" ind1=" " ind2=" ">
    <subfield code="a">821.134.2-14"19"</subfield>
  </datafield>
  <datafield tag="100" ind1=" " ind2=" ">
    <subfield code="a">Navarro Fern&#xE1;ndez, Andr&#xE9;s,</subfield>
    <subfield code="d">1965-</subfield>
    <subfield code="9">237366</subfield>
    <subfield code="e">aut</subfield>
  </datafield>
  <datafield tag="245" ind1="1" ind2="0">
    <subfield code="a">Deseos de mujer /</subfield>
    <subfield code="c">Andr&#xE9;s Navarro Fern&#xE1;ndez.</subfield>
  </datafield>
  <datafield tag="264" ind1=" " ind2="1">
    <subfield code="a">Pozuelo de Alarc&#xF3;n, Madrid :</subfield>
    <subfield code="b">Atm&#xF3;sfera Literaria,</subfield>
    <subfield code="c">[2021]</subfield>
  </datafield>
  <datafield tag="264" ind1=" " ind2="4">
    <subfield code="c">&#xA9;2022</subfield>
  </datafield>
  <datafield tag="300" ind1=" " ind2=" ">
    <subfield code="a">117 p&#xE1;ginas :</subfield>
    <subfield code="b">ilustraciones (blanco y negro) ;</subfield>
    <subfield code="c">21 cm.</subfield>
  </datafield>
  <datafield tag="336" ind1=" " ind2=" ">
    <subfield code="a">Texto</subfield>
    <subfield code="a">Imagen fija</subfield>
    <subfield code="2">rdacontent</subfield>
  </datafield>
  <datafield tag="337" ind1=" " ind2=" ">
    <subfield code="a">sin mediaci&#xF3;n</subfield>
    <subfield code="2">rdamedia</subfield>
  </datafield>
  <datafield tag="338" ind1=" " ind2=" ">
    <subfield code="a">volumen</subfield>
    <subfield code="2">rdacarrier</subfield>
  </datafield>
  <datafield tag="490" ind1="1" ind2=" ">
    <subfield code="a">Atm&#xF3;sfera poes&#xED;a</subfield>
  </datafield>
  <datafield tag="655" ind1=" " ind2="0">
    <subfield code="a">Poes&#xED;as l&#xED;ricas</subfield>
    <subfield code="2">tgfbne</subfield>
    <subfield code="9">236779</subfield>
  </datafield>
  <datafield tag="830" ind1=" " ind2="0">
    <subfield code="a">Colecci&#xF3;n Atm&#xF3;sfera poes&#xED;a</subfield>
    <subfield code="9">239366</subfield>
  </datafield>
  <datafield tag="852" ind1=" " ind2=" ">
    <subfield code="a">Es-MaACL</subfield>
    <subfield code="b">R.153478</subfield>
    <subfield code="c">DEPOJ</subfield>
    <subfield code="j">N-8718</subfield>
    <subfield code="g">Dedicatoria aut&#xF3;grafa del autor </subfield>
    <subfield code="h">Donaci&#xF3;n: Andr&#xE9;s Navarro Fern&#xE1;ndez</subfield>
    <subfield code="9">204471</subfield>
    <subfield code="x">Encuadernaci&#xF3;n r&#xFA;stica</subfield>
  </datafield>
  <datafield tag="903" ind1=" " ind2=" ">
    <subfield code="9">237366</subfield>
    <subfield code="a">Navarro Fern&#xE1;ndez, Andr&#xE9;s,</subfield>
    <subfield code="d">1965-</subfield>
    <subfield code="e">dnr</subfield>
  </datafield>
  <datafield tag="942" ind1=" " ind2=" ">
    <subfield code="2">udc</subfield>
    <subfield code="c">MONOGRAFIA</subfield>
    <subfield code="n">0</subfield>
  </datafield>
  <datafield tag="954" ind1=" " ind2=" ">
    <subfield code="i">Tatiana Alejandra de Castro P&#xE9;rez</subfield>
  </datafield>
  <datafield tag="999" ind1=" " ind2=" ">
    <subfield code="c">195714</subfield>
    <subfield code="d">195714</subfield>
  </datafield>
  <datafield tag="952" ind1=" " ind2=" ">
    <subfield code="0">0</subfield>
    <subfield code="1">0</subfield>
    <subfield code="2">udc</subfield>
    <subfield code="4">0</subfield>
    <subfield code="7">0</subfield>
    <subfield code="8">Librosdedicados</subfield>
    <subfield code="a">ATENEOM</subfield>
    <subfield code="b">ATENEOM</subfield>
    <subfield code="c">DEPOJ</subfield>
    <subfield code="d">2024-12-13</subfield>
    <subfield code="e">DONACION</subfield>
    <subfield code="l">0</subfield>
    <subfield code="o">N-8718</subfield>
    <subfield code="p">101229275</subfield>
    <subfield code="r">2024-12-13 00:00:00</subfield>
    <subfield code="w">2024-12-13</subfield>
    <subfield code="y">MONOGRAFIA</subfield>
    <subfield code="z">Dedicatoria aut&#xF3;grafa del autor</subfield>
  </datafield>
</record>
